Tratado de Derechos Reales

Saved in:
Bibliografiske detaljer
Hovedforfatter: Gonzales Barrón, Gunther Hernán (Author)
Format: Bog
Sprog:spansk
Udgivet: Lima Jurista Editores 2013
Udgivelse:3a. ed
Fag:
Tags: Tilføj Tag
Ingen Tags, Vær først til at tagge denne postø!

MARC

LEADER 00000cam a2200000 a 4500
001 UCD1507
003 CL-VaPUC
008 160310e20130000pe |||||||||||||||||spa|d
020 |a 9786124184116o.c 
082 0 4 |a 346.04  |b GON  |2 21 
100 0 |a Gonzales Barrón, Gunther Hernán  |e author  |9 584602 
245 1 0 |a Tratado de Derechos Reales 
250 |a 3a. ed 
300 |a t 
942 |c BK 
945 |d 20160310 23:10:00  |a dcastane 
260 |a Lima  |b Jurista Editores  |c 2013 
650 0 |a Derecho civil  |9 255013 
650 0 |a Código civil peruano  |9 481461 
650 0 |a Derechos reales  |9 257708 
583 |a last modification  |c 20160310 23:10:00  |k Rodrigo Vera 
999 |c 362808  |d 362806 
952 |0 0  |1 0  |3 erb  |4 0  |6 346_040000000000000_GON_2013  |7 0  |8 A  |9 474320  |a BIBDER  |b BIBDER  |h t.1  |i 5266769  |o 346.04 GON 2013  |p 5266769  |r 2023-01-25  |w 2019-11-24  |y BK  |z Catalogado en:20160310  |k DER 
952 |0 0  |1 0  |3 erb  |4 0  |6 346_040000000000000_GON_2013  |7 0  |8 A  |9 474321  |a BIBDER  |b BIBDER  |h t.2  |i 5266777  |o 346.04 GON 2013  |p 5266777  |r 2023-01-25  |w 2019-11-24  |y BK  |z Catalogado en:20160310  |k DER